[Event "Cutro op-B 12th"]
[Site "Cutro"]
[Date "2006.04.27"]
[Round "5"]
[White "Luvera, Filippo"]
[Black "Frontera, Giuseppe"]
[Result "0-1"]
[WhiteElo "1832"]
[BlackElo "1883"]
[PlyCount "148"]
[EventDate "2006.04.23"]
[EventType "swiss"]
[EventRounds "9"]
[EventCountry "ITA"]
[SourceTitle "EXT 2007"]
[Source "ChessBase"]
[SourceDate "2006.11.23"]
[SourceVersion "1"]
[SourceVersionDate "2006.11.23"]
[SourceQuality "1"]

1. e4 c5 2. c3 d6 3. d4 cxd4 4. cxd4 Nf6 5. Nc3 Nc6 6. Nf3 e6 7. Bc4 a6 8. a4 Qc7 9. Qe2 Be7 10. 0-0 0-0 11. Bg5 h6 12. Be3 Ng4 13. Bf4 Nf6 14. Rac1 Qb6 15. d5 Na5 16. Be3 Qb4 17. Bd3 Nb3 18. Rc2 e5 19. Nd1 Qxa4 20. Rc4 Qe8 21. Bb6 Bd8 22. Bxd8 Qxd8 23. Qc2 Nc5 24. Ne3 Nxd3 25. Qxd3 Bd7 26. Rc3 Bb5 27. Nc4 Rc8 28. Rfc1 Qe7 29. Nh4 g6 30. Qe3 Kh7 31. g3 Bxc4 32. Rxc4 Rxc4 33. Rxc4 Rd8 34. f3 Rd7 35. Qc3 Ne8 36. Rc8 Rd8 37. Rc4 Rd7 38. Rc8 Rd8 39. Rc4 Kg8 40. Qe3 Kg7 41. Qc3 Kf8 42. Qe3 Qg5 43. Qc3 Rd7 44. Rc8 Qe7 45. f4 Rc7 46. Rxc7 Qxc7 47. fxe5 Qxc3 48. bxc3 dxe5 49. Kf2 Ke7 50. Ke3 Kd6 51. Kd3 Kc5 52. Nf3 f6 53. Nh4 g5 54. Nf5 h5 55. h4 a5 56. c4 b6 57. Kc3 b5 58. cxb5 Kxb5 59. Kb3 Kc5 60. Ka4 Nd6 61. Nxd6 Kxd6 62. Kxa5 gxh4 63. gxh4 f5 64. exf5 Kxd5 65. Kb4 e4 66. f6 Ke6 67. f7 Kxf7 68. Kc4 Kf6 69. Kd4 Kf5 70. Ke3 Ke5 71. Ke2 Kf4 72. Kf2 Kg4 73. Ke3 Kxh4 74. Kxe4 Kg3 0-1

[Event "Cutro op-B 12th"]
[Site "Cutro"]
[Date "2006.04.25"]
[Round "3"]
[White "Rizzuti, Pasquale"]
[Black "Luvera, Filippo"]
[Result "1/2-1/2"]
[WhiteElo "1847"]
[BlackElo "1832"]
[PlyCount "62"]
[EventDate "2006.04.23"]
[EventType "swiss"]
[EventRounds "9"]
[EventCountry "ITA"]
[SourceTitle "EXT 2007"]
[Source "ChessBase"]
[SourceDate "2006.11.23"]
[SourceVersion "1"]
[SourceVersionDate "2006.11.23"]
[SourceQuality "1"]

1. Nf3 Nf6 2. c4 c5 3. Nc3 Nc6 4. g3 g6 5. Bg2 Bg7 6. 0-0 0-0 7. d4 cxd4 8. Nxd4 a6 9. Bg5 Qc7 10. Bxf6 exf6 11. Nd5 Qd8 12. Nc2 f5 13. Rb1 d6 14. b4 Ne5 15. Nce3 Rb8 16. f4 Nc6 17. Nc2 Re8 18. Rb3 Be6 19. Rd3 Bxd5 20. Bxd5 Nxb4 21. Nxb4 Qb6+ 22. Kh1 Qxb4 23. Qc2 b5 24. cxb5 axb5 25. Qc7 Kh8 26. Bxf7 Qe4+ 27. Rdf3 Qe7 28. Qxe7 Rxe7 29. Bd5 Rxe2 30. Rc1 Bd4 31. Rb3 Bc5 1/2-1/2

[Event "Cutro op-B 12th"]
[Site "Cutro"]
[Date "2006.04.24"]
[Round "2"]
[White "Luvera, Filippo"]
[Black "Olivo, Paolo"]
[Result "1-0"]
[WhiteElo "1832"]
[BlackElo "1628"]
[PlyCount "87"]
[EventDate "2006.04.23"]
[EventType "swiss"]
[EventRounds "9"]
[EventCountry "ITA"]
[SourceTitle "EXT 2007"]
[Source "ChessBase"]
[SourceDate "2006.11.23"]
[SourceVersion "1"]
[SourceVersionDate "2006.11.23"]
[SourceQuality "1"]

1. e4 c6 2. d4 d5 3. exd5 cxd5 4. c4 Nf6 5. Nc3 Bf5 6. Nf3 Nc6 7. cxd5 Nxd5 8. Qb3 Ndb4 9. Be3 Nc2+ 10. Kd2 Nxa1 11. Qb5 e6 12. Bd3 Bxd3 13. Kxd3 Be7 14. Rxa1 0-0 15. Ke2 Qc7 16. Rc1 a6 17. Qc4 Rac8 18. d5 Na5 19. Qxc7 Rxc7 20. Bb6 Rxc3 21. Rxc3 Bb4 22. Rc2 exd5 23. a3 Nc4 24. Rxc4 dxc4 25. axb4 Rc8 26. Kd2 Rc6 27. Bd4 f6 28. Kc3 b5 29. Nd2 Kf7 30. Ne4 h5 31. g3 Ke6 32. h3 Kd5 33. f3 a5 34. Bc5 axb4+ 35. Kxb4 Rc7 36. Bb6 Rc8 37. Kxb5 f5 38. Nc3+ Kd6 39. Na4 g6 40. Bc5+ Ke6 41. Kxc4 Ke5 42. b4 f4 43. g4 hxg4 44. hxg4 1-0

[Event "Cutro op-B 12th"]
[Site "Cutro"]
[Date "2006.04.23"]
[Round "1"]
[White "Calomeni, Francesca"]
[Black "Luvera, Filippo"]
[Result "0-1"]
[WhiteElo "1440"]
[BlackElo "1832"]
[PlyCount "80"]
[EventDate "2006.04.23"]
[EventType "swiss"]
[EventRounds "9"]
[EventCountry "ITA"]
[SourceTitle "EXT 2007"]
[Source "ChessBase"]
[SourceDate "2006.11.23"]
[SourceVersion "1"]
[SourceVersionDate "2006.11.23"]
[SourceQuality "1"]

1. e4 c5 2. Nf3 Nc6 3. Bc4 e6 4. Nc3 d6 5. 0-0 Nf6 6. d4 cxd4 7. Ne2 Nxe4 8. Bg5 Nxg5 9. Nfxd4 Be7 10. Bb5 Bd7 11. Qd2 Ne4 12. Qe3 d5 13. Rad1 0-0 14. b3 a6 15. Bd3 Nc5 16. Nf4 Nxd3 17. Nxd3 Nxd4 18. Qxd4 Bf6 19. Qg4 Qc7 20. c4 dxc4 21. bxc4 Rac8 22. Nf4 g6 23. Nh5 Bh8 24. Rc1 e5 25. Qg5 Qd8 26. Qh6 Bg4 27. Ng3 Bg7 28. Qe3 Qd4 29. Rfe1 Qxe3 30. Rxe3 Bh6 31. f4 Bxf4 32. Rcc3 Bxe3+ 33. Kf1 Bd4 34. Rc2 Bf5 35. Nxf5 gxf5 36. h4 Kh8 37. g3 Rc5 38. Re2 Rfc8 39. g4 fxg4 40. Kg2 Rxc4 0-1

[Event "Cosenza Province-ch"]
[Site "Rossano"]
[Date "2006.02.26"]
[Round "6"]
[White "Luvera, Filippo"]
[Black "Catapano, Francesco"]
[Result "1/2-1/2"]
[WhiteElo "1811"]
[BlackElo "1772"]
[PlyCount "96"]
[EventDate "2006.02.18"]
[EventType "swiss"]
[EventRounds "6"]
[EventCountry "ITA"]
[SourceTitle "EXT 2024"]
[Source "ChessBase"]
[SourceDate "2023.10.10"]
[SourceVersion "1"]
[SourceVersionDate "2023.10.10"]
[SourceQuality "1"]

1. e4 e6 2. d4 d5 3. exd5 exd5 4. c4 Bb4+ 5. Nc3 c6 6. cxd5 Qxd5 7. Nf3 Bg4 8. Be2 Nf6 9. 0-0 Qd6 10. a3 Ba5 11. Qa4 Bc7 12. g3 0-0 13. Bf4 Qd7 14. Bxc7 Qxc7 15. Rfe1 Nbd7 16. Rac1 Nb6 17. Qc2 Rad8 18. Rcd1 Nbd5 19. Ne5 Bxe2 20. Qxe2 Rfe8 21. Qf3 Re7 22. Re2 Rde8 23. Rde1 Qa5 24. Nc4 Qd8 25. Rxe7 Rxe7 26. Rxe7 Qxe7 27. Nxd5 Nxd5 28. Ne3 Qe6 29. Nxd5 cxd5 30. Qf4 Qc8 31. Qd6 Qc1+ 32. Kg2 g6 33. Qb8+ Kg7 34. Qxb7 Qd2 35. Qxd5 Qxb2 36. Qc5 Qb7+ 37. d5 Kf6 38. Qd6+ Kg7 39. Qc6 Qb3 40. a4 Qb4 41. d6 Qd4 42. d7 h6 43. a5 a6 44. h3 Qd3 45. g4 g5 46. Qxa6 Qd5+ 47. Kh2 Qxd7 48. Qe2 Qc7+ 1/2-1/2

[Event "Cosenza Province-ch"]
[Site "Rossano"]
[Date "2006.02.25"]
[Round "4"]
[White "Luvera, Filippo"]
[Black "Cordi, Domenico"]
[Result "1/2-1/2"]
[WhiteElo "1811"]
[BlackElo "2065"]
[PlyCount "69"]
[EventDate "2006.02.18"]
[EventType "swiss"]
[EventRounds "6"]
[EventCountry "ITA"]
[SourceTitle "EXT 2024"]
[Source "ChessBase"]
[SourceDate "2023.10.10"]
[SourceVersion "1"]
[SourceVersionDate "2023.10.10"]
[SourceQuality "1"]

1. e4 c5 2. c3 d5 3. exd5 Qxd5 4. d4 Nf6 5. Nf3 Nc6 6. Be2 e6 7. 0-0 Be7 8. Be3 cxd4 9. cxd4 0-0 10. Nc3 Qd6 11. a3 a6 12. Rc1 Rd8 13. Qc2 Bd7 14. Rfd1 Rac8 15. Qd2 Na5 16. Qd3 Nc4 17. Qb1 Bc6 18. Bg5 Nb6 19. Bxf6 Bxf6 20. Ne4 Bxe4 21. Qxe4 Qd5 22. Qxd5 Nxd5 23. g3 Ne7 24. Rc3 Rxc3 25. bxc3 Nd5 26. Rc1 Rc8 27. c4 b5 28. c5 Rc6 29. Ne5 Bxe5 30. dxe5 Kf8 31. f4 Ke7 32. Kf2 f6 33. Kf3 f5 34. Bf1 Kd8 35. Ke2 1/2-1/2